000 00898nam a2200277Ia 4500
003 OSt
005 20221007122354.0
006 a|||||r|||| 00| 0
007 ta
008 221006b |||||||| |||| 00| 0 eng d
020 _a9788181281227 (pbk)
024 _a82817
037 _b1627, 18/12/2008, New India Book Agency
_cTextbook
040 _aPAPL
_cPAPL
_beng
041 _2eng
_aeng
082 _aC6:212, P1;4 Carpa
100 _aHamaguchi chihiro
_9450792
245 0 _aBasic semiconductor physics
260 _aBerlin
_bSpringer
_c2001
300 _axii, 434p.
_ccm.
500 _aAppendices A-E, 401-418p.; References 419-428p.; Index 429-434p.
650 _a Semiconductor physics
_9427253
650 _aPhysics
942 _hC6:212, P1;4 Carpa
_cTB
_2CC
999 _c1210229
_d1210229